000 00586nam a2200205 i 4500
001 97310
003 ES-MaACL
005 20260525062930.0
007 t|
008 050708s1956 sp ||||1| spa d
100 1 _aMarañón, Gregorio,
_d1887-1960
_976311
245 1 0 _aVocación y ética y otros ensayos /
_cGregorio Marañón y Posadillo.
250 _a3ª ed.
260 _aMadrid :
_bEspasa-Calpe,
_c1956.
300 _a160 p. ;
_c18 cm.
490 1 _aColección austral ;
_v661
830 1 _aColección austral
_v661
_9177655
852 4 _aES-MaACL
_jC-11648
999 _c97310
_d97310